[Event "Yerevan ol (Men)"]
[Site "Yerevan"]
[Date "1996.??.??"]
[Round "5"]
[White "Zarnicki, Pablo"]
[Black "Alterman, Boris"]
[Result "0-1"]
[WhiteElo "2540"]
[BlackElo "2590"]

1.e4 c5 2.c3 Nf6 3.e5 Nd5 4.Nf3 d6 5.d4 cxd4 6.cxd4 Nc6 7.Bc4 Nb6 8.Bb5 dxe5
9.Nxe5 Bd7 10.Bxc6 Bxc6 11.Nxc6 bxc6 12.O-O e6 13.Nc3 Be7 14.Bf4 O-O 15.Re1 Qd7
16.Be5 Nc4 17.Qe2 Nxe5 18.dxe5 Rfd8 19.Rad1 Qc7 20.g3 h6 21.Kg2 Qa5 22.Qe4 Qb6
23.Rxd8+ Rxd8 24.Rd1 Rxd1 25.Nxd1 Bc5 26.b3 Bd4 27.f4 Qc5 28.Kf3 h5 29.Qd3 g5
30.Qc4 g4+ 31.Ke2 Qb6 32.Qd3 c5 33.Kf1 Kg7 34.Qe2 Qc6 35.Nf2 Bxf2 36.Kxf2 Qd5
37.Kg1 a5 38.Qf2 Qd1+ 39.Qf1 Qc2 40.Qf2 Qb1+ 41.Kg2 a4 42.bxa4 c4 43.Qd2 Qb7+
44.Kg1 Qb6+ 45.Kf1 Qc6 46.Qd8 Qh1+ 47.Ke2 Qxh2+ 48.Kd1 Qh1+ 49.Kc2 Qd5 50.Qf6+ Kf8
51.Qh8+ Ke7 52.Qf6+ Ke8 53.Qh8+ Kd7 54.Kc3 Qd3+ 55.Kb4 c3 56.Qf8 c2 57.Qxf7+ Kc8
58.Qe8+ Qd8 59.Qxe6+ Qd7 60.Qc4+ Qc7 61.Qg8+ Kb7 62.Qd5+ Ka7  0-1

[Event "Yerevan ol (Men)"]
[Site "Yerevan"]
[Date "1996.??.??"]
[Round "5"]
[White "Khakpoor, Abbas"]
[Black "David, Alberto"]
[Result "0-1"]
[WhiteElo "2200"]
[BlackElo "2435"]

1.e4 c5 2.c3 Nf6 3.e5 Nd5 4.d4 cxd4 5.Nf3 Nc6 6.Bc4 Nb6 7.Bb3 g6 8.cxd4 Bg7
9.Bf4 d6 10.exd6 O-O 11.O-O exd6 12.h3 Na5 13.Nc3 Bf5 14.Nb5 d5 15.Bd6 Re8
16.Bg3 Re7 17.Re1 Nac4 18.Rxe7 Qxe7 19.Qe1 Qd7 20.Nc3 Nxb2 21.Ne5 Qd8 22.Nxd5 Nxd5
23.Qd2 Bxe5 24.Bxe5 Nd3 25.g4 Nxe5 26.dxe5 Be6 27.Rd1 Qb6 28.Qg5 Nc3 29.Rd3 Qxf2+
30.Kxf2 Ne4+ 31.Kg2 Nxg5 32.Bd1 Bxa2 33.Rd2  0-1

[Event "Yerevan ol (Women)"]
[Site "Yerevan"]
[Date "1996.??.??"]
[Round "8"]
[White "Maric, Mirjana"]
[Black "Sheldon, Ruth"]
[Result "1/2-1/2"]
[WhiteElo "2320"]
[BlackElo "2230"]

1.e4 c5 2.c3 Nf6 3.e5 Nd5 4.Nf3 e6 5.d4 cxd4 6.cxd4 b6 7.Bc4 Bb4+ 8.Bd2 Bxd2+
9.Nbxd2 Ba6 10.b3 O-O 11.Ne4 f6 12.O-O Qe8 13.Re1 Nf4 14.g3 Qg6 15.Nh4 Qh6
16.Qg4 fxe5 17.dxe5 Bxc4 18.bxc4 Nd3 19.Nf6+ Rxf6 20.exf6 Nxe1 21.Rxe1 Qxf6
22.Rd1 Qe7 23.Qe4 Nc6 24.Nf3 Rf8 25.Kg2 Nb4 26.Rd2 Na6 27.Qb7 Nc5 28.Qxa7 Qf6
29.Qa3 Qf5 30.Qe3 h6 31.h4 Kh7 32.Rb2 Na4 33.Rb4 Ra8 34.Ne5 d6 35.Nd7 Nc5
36.Nxc5 bxc5 37.Rb6 Rd8 38.a4 Kh8 39.a5 Qf7 40.Qd3 Qc7 41.Kg1 d5 42.Rxe6 dxc4
43.Qxc4 Qxa5 44.Kh2 Rf8 45.f4 Qd2+ 46.Re2 Qb4 47.Rc2 Qxc4 48.Rxc4 Rc8 49.g4 g6
50.Kg3 Kg7 51.g5 hxg5 52.fxg5 Kf7 53.Kg4 Rc6 54.h5 gxh5+ 55.Kxh5 Kg7  1/2-1/2

[Event "Yerevan ol (Men)"]
[Site "Yerevan"]
[Date "1996.??.??"]
[Round "11"]
[White "Sturua, Zurab"]
[Black "Minasian, Artashes"]
[Result "1/2-1/2"]
[WhiteElo "2560"]
[BlackElo "2540"]

1.e4 c5 2.c3 Nf6 3.e5 Nd5 4.d4 cxd4 5.Nf3 Nc6 6.cxd4 d6 7.Bc4 Nb6 8.Bb5 d5
9.O-O Bg4 10.h3 Bxf3 11.Qxf3 e6 12.Be3 Rc8 13.Nd2 a6 14.Bxc6+ Rxc6 15.Rfc1 Nc4
16.Qe2 Nxd2 17.Rxc6 bxc6 18.Qxd2 Qb6 19.Rc1 Bb4 20.Qc2 Kd7 21.Qd1 Be7 22.Qg4 g6
23.b3 Rc8 24.Qf4 Rf8 25.Qh6 Qa5 26.Rc2 Qe1+ 27.Kh2 Qd1 28.Rc1 Qh5 29.Qxh5 gxh5
30.g4 hxg4 31.hxg4 f6 32.exf6 Rxf6 33.Kg3 Bd6+ 34.f4 Rh6 35.Bd2 Be7 36.b4 Bh4+
37.Kg2 Be7 38.Kg3 Bh4+ 39.Kg2 Be7 40.Be1 Rg6 41.Kf3 Rh6 42.Kg2 Rg6 43.Kf3 Rh6
44.Kg2  1/2-1/2

[Event "Yerevan ol (Men)"]
[Site "Yerevan"]
[Date "1996.??.??"]
[Round "11"]
[White "Hracek, Zbynek"]
[Black "Gelfand, Boris"]
[Result "1/2-1/2"]
[WhiteElo "2625"]
[BlackElo "2665"]

1.e4 c5 2.c3 Nf6 3.e5 Nd5 4.Nf3 Nc6 5.d4 cxd4 6.Bc4 Nb6 7.Bb3 d5 8.exd6 Qxd6
9.O-O Be6 10.Na3 Bxb3 11.axb3  1/2-1/2

[Event "Yerevan ol (Women)"]
[Site "Yerevan"]
[Date "1996.??.??"]
[Round "13"]
[White "Bojkovic, Natasa"]
[Black "Uskova, Fliura"]
[Result "1-0"]
[WhiteElo "2405"]
[BlackElo "2310"]

1.e4 c5 2.c3 Nf6 3.e5 Nd5 4.Nf3 e6 5.d4 cxd4 6.cxd4 b6 7.Nc3 Nxc3 8.bxc3 d5
9.Bd3 Nc6 10.Ng5 g6 11.Qf3 Qe7 12.a4 h6 13.Nh3 Bd7 14.O-O Rc8 15.Ba6 Rb8
16.Nf4 Qd8 17.Bd3 Ne7 18.Ba3 Nf5 19.Bxf5 gxf5 20.Nh5 Bxa3 21.Nf6+ Kf8 22.Rxa3 Bc8
23.Re1 Ba6 24.Qf4 Bc4 25.Re3 b5 26.axb5 Rxb5 27.Re1 a5 28.h3 Bb3 29.h4 Ke7
30.Qg5 Qb8 31.Nxd5+ Kd7  1-0

[Event "Yerevan ol (Women)"]
[Site "Yerevan"]
[Date "1996.??.??"]
[Round "14"]
[White "Maric, Mirjana"]
[Black "Fakhiridou, Ekaterini"]
[Result "1/2-1/2"]
[WhiteElo "2320"]
[BlackElo "2170"]

1.e4 c5 2.c3 Nf6 3.e5 Nd5 4.Nf3 Nc6 5.Bc4 Nb6 6.Be2 g6 7.d4 cxd4 8.cxd4 Bg7
9.Nc3 d6 10.Bf4 dxe5 11.dxe5 O-O 12.O-O Be6 13.Re1 Rc8 14.Bb5 Nd5 15.Nxd5 Qxd5
16.Bxc6 Rxc6 17.Nd4 Rc4 18.Nxe6 fxe6 19.Bg3 Rd8 20.Qb3 Qc6 21.h3 Bh6 22.Rad1 Rd5
23.Qa3 Qc5 24.Qf3 Bd2 25.Re4 b5 26.Qg4 Qc6 27.Rxc4 bxc4 28.Qe2 Bh6 29.Kh1 Qd7
30.Rxd5 exd5 31.e6 Qc6 32.Qe5 Bg7 33.Qb8+ Bf8 34.Qe5 Bg7  1/2-1/2

[Event "Yerevan ol (Women)"]
[Site "Yerevan"]
[Date "1996.??.??"]
[Round "14"]
[White "Klinova, Masha"]
[Black "Skripchenko, Almira"]
[Result "1/2-1/2"]
[WhiteElo "2380"]
[BlackElo "2370"]

1.e4 c5 2.c3 Nf6 3.e5 Nd5 4.d4 cxd4 5.Nf3 Nc6 6.Bc4 Nb6 7.Bb3 d5 8.exd6 dxc3
9.O-O Qxd6 10.Nxc3 e6 11.Nb5 Qb8 12.g3 Be7 13.Bf4 e5 14.Nxe5 Nxe5 15.Qh5 Bg4
16.Qxe5 Qxe5 17.Bxe5 O-O 18.Rfe1 Bd7 19.Nd6 Bxd6 20.Bxd6 Rfe8 21.Rad1 Bc6
22.h4 Nd7 23.Rxe8+ Rxe8 24.Bb4 h6 25.Bc3 Nf6 26.Bc2 Bf3 27.Rc1 Bd5 28.a3 Ng4
29.Bd1 Ne5 30.Be2  1/2-1/2

[Event "Yerevan ol (Women)"]
[Site "Yerevan"]
[Date "1996.??.??"]
[Round "14"]
[White "Peptan, Corina"]
[Black "Hunt, Harriet"]
[Result "1-0"]
[WhiteElo "2395"]
[BlackElo "2315"]

1.e4 c5 2.c3 Nf6 3.Bd3 Nc6 4.Nf3 c4 5.Bc2 e5 6.Qe2 d5 7.exd5 Qxd5 8.b3 Be6
9.bxc4 Qxc4 10.d3 Qg4 11.O-O Bd6 12.Nbd2 O-O 13.Bb3 Rfe8 14.Re1 Rad8 15.Ne4 Nxe4
16.dxe4 a6 17.h3 Qg6 18.Nh4 Qf6 19.Bxe6 Qxe6 20.Be3 Rc8 21.Nf5 Bf8 22.Red1 Red8
23.Bb6 Rxd1+ 24.Rxd1 g6 25.Ne3 Ne7 26.Qb2 f5 27.f3 Rc6 28.Bd8 Nc8 29.Nd5 Nd6
30.Qb3 Kf7 31.Ba5 b5 32.Bb4 Nc4 33.Bxf8 Kxf8 34.a4 Nd6 35.axb5 axb5 36.Qa3 Kg7
37.Nb4 Rc7 38.Qa6 Rd7 39.Qc6 Kf7 40.Na6 Rd8 41.Qb6 Ke7 42.Nb4 Rd7 43.Nc6+ Kf8
44.Qc5 fxe4 45.fxe4 Kg7 46.Qxe5+ Qxe5 47.Nxe5 Re7 48.Nc6 Re6 49.Nd8  1-0

[Event "Zaragoza-B op"]
[Site "Zaragoza"]
[Date "1996.??.??"]
[Round "?"]
[White "Estrada Nieto, Julian"]
[Black "Colas, Rafael P"]
[Result "0-1"]
[WhiteElo "2345"]
[BlackElo "2310"]

1.e4 c5 2.c3 Nf6 3.e5 Nd5 4.Nf3 Nc6 5.d4 cxd4 6.cxd4 d6 7.Nc3 Nxc3 8.bxc3 e6
9.exd6 Bxd6 10.Bd3 e5 11.O-O exd4 12.Re1+ Be7 13.Nxd4 Nxd4 14.cxd4 O-O 15.Rb1 Bd6
16.Qh5 g6 17.Qh6 Qf6 18.Rb5 Bd7 19.Rh5 Qh8 20.Rd5 Bb4 21.Rxd7 Bxe1 22.Bc4 Rac8
23.Ba3 Qf6 24.f3 Bc3 25.Kh1 Rfe8  0-1

[Event "Zaragoza-B op"]
[Site "Zaragoza"]
[Date "1996.??.??"]
[Round "?"]
[White "Estrada Nieto, Julian"]
[Black "Lorenzini, Martin"]
[Result "0-1"]
[WhiteElo "2345"]
[BlackElo "2245"]

1.e4 c5 2.c3 Nf6 3.e5 Nd5 4.Nf3 Nc6 5.Bc4 Nb6 6.Be2 d6 7.exd6 Qxd6 8.O-O g6
9.Na3 Bg7 10.d3 O-O 11.Nb5 Qd5 12.Be3 a6 13.Na3 Qd6 14.Nc4 Nxc4 15.dxc4 Qxd1
16.Rfxd1 b6 17.Ng5 Rb8 18.Bf4 e5 19.Bg3 h6 20.Nf3 Be6 21.Rd6 Rfc8 22.Bd3 Bf8
23.Rxe6 fxe6 24.Bxg6 Bg7 25.Be4 Rc7 26.Bxc6 Rxc6 27.Nxe5 Bxe5 28.Bxe5 Rd8
29.Bf4 h5 30.Kf1 Kf7 31.Ke2 Rcc8 32.Be3 Rd7 33.h3 Kf6 34.Rg1 Rg7 35.g4 hxg4
36.hxg4 Rcg8 37.g5+ Kf5 38.Rd1 Rc8 39.Rd6 Rb7 40.a4 Ke5 41.Rd1 Rcc7 42.Kf3 Kf5
43.Bf4 Rd7 44.Re1 Rd3+ 45.Ke2 Rdd7 46.Kf3 Rd3+ 47.Be3 Rdd7 48.Rg1 Rh7 49.Ke2 Rh4
50.b3 Rhh7 51.Rg3 Rhf7 52.b4 Rbc7 53.Rf3+ Kg6 54.bxc5 bxc5 55.Rxf7 Rxf7 56.Kd3 Kf5
57.Bxc5 Rd7+ 58.Kc2 Kxg5 59.Be3+ Kf5 60.c5 Ke4 61.Kb3 Kd5 62.Kb4 Kc6 63.Ka5 Rd8
64.Kb4 e5 65.Kc4 Rg8 66.Kb4 Rg4+ 67.c4 Rg8 68.Kc3 Rd8 69.Kc2 Rd7 70.Kc3 Rd1
71.Kc2 Ra1 72.Kb3 Rb1+ 73.Ka3 a5 74.Bd2 Rf1 75.Be3 Ra1+ 76.Kb3 Rb1+ 77.Ka3 Rb4
78.Bd2 Rxc4 79.Bxa5 Rc2 80.Be1 Kxc5 81.a5 Re2 82.Bb4+ Kb5 83.Bd6 e4 84.Kb3 Rxf2
85.Kc3 Rf3+ 86.Kc2 Kxa5 87.Bc7+ Kb5 88.Kd2 Kc4 89.Ke2 Rb3 90.Be5 Kd5 91.Bf6 Rh3
92.Bg5 Ke5 93.Kf2 Kd4 94.Ke2 e3 95.Bf4 Ke4 96.Bc7 Rf3 97.Bb6 Rf2+ 98.Ke1 Rb2
99.Ba5 Kd3  0-1

[Event "Zaragoza op"]
[Site "Zaragoza"]
[Date "1996.??.??"]
[Round "1"]
[White "Glavina, Pablo"]
[Black "Komljenovic, Davor"]
[Result "0-1"]
[WhiteElo "2320"]
[BlackElo "2475"]

1.e4 c5 2.c3 Nf6 3.e5 Nd5 4.d4 cxd4 5.Nf3 e6 6.cxd4 d6 7.a3 Bd7 8.Bd3 Bc6
9.O-O Nd7 10.Qe2 Be7 11.Rd1 Rc8 12.g3 dxe5 13.dxe5 Ba4 14.Re1 Nc5 15.Bc4 Nb6
16.Nc3 Nxc4 17.Qxc4 Bc2 18.Qg4 O-O 19.Bh6 Bg6 20.Rad1 Qb6 21.Bc1 Nd3 22.Re2 Bf5
23.Qh5 Qa6 24.Nd4 Bg6 25.Qf3 Qc4 26.Nc2 b5 27.Qb7 Bc5 28.Ne3 Qb3 29.Qxb5 Qxb5
30.Nxb5 Nxe5 31.b4 Bd3 32.Rxd3 Nxd3 33.bxc5 Rxc5 34.Bd2 Rxb5 35.Bc3 Rc8 36.Bd4 Rb1+
37.Kg2 Ne1+ 38.Kh3 Nf3 39.Rb2 Rxb2 40.Bxb2 a6 41.Kg2 Ne1+  0-1

[Event "Hallsberg opJ32"]
[Site "Hallsberg"]
[Date "1997.01.04"]
[Round "8"]
[White "Salmensuu, Olli"]
[Black "Zavoronkov, Vladimir"]
[Result "0-1"]
[WhiteElo "2305"]
[BlackElo "2265"]

1.e4 c5 2.c3 Nf6 3.e5 Nd5 4.d4 cxd4 5.Nf3 Nc6 6.Bc4 Nb6 7.Bb3 d5 8.exd6 Qxd6
9.O-O Be6 10.Bxe6 Qxe6 11.Nxd4 Nxd4 12.Qxd4 Rd8 13.Qh4 Qe2 14.Be3 Qxb2 15.Nd2 Rxd2
16.Rab1 Qxc3 17.Bxd2 Qxd2 18.Rfd1 Qa5 19.Qe4 f6 20.Qxb7 Kf7 21.Rbc1 g6 22.Rc7 Qxa2
23.Re1 g5 24.h3 Nd5 25.Rd7 Nf4 26.Rd8 Ng6 27.Ra8 Qa5 28.Kf1 Qb6 29.Qe4 Ne5
30.Rc1 Qa6+ 31.Kg1 Qd3 32.Qb7 g4 33.hxg4 Nxg4 34.Qxa7 Qd2 35.Qc5 Ne5 36.Qa3 Rg8
37.Qb3+ Kg7 38.Rd1 Qe2 39.Ra2 Qc4 40.Qxc4 Nxc4 41.Rd8 Kf7 42.Raa8 Ne5 43.Kf1 Nc6
44.Rd3 Rg4 45.g3 h5 46.f4 e6 47.Rd7+ Ne7 48.Kf2 h4 49.gxh4 Rxh4 50.Kg3 Rh1
51.Kg2 Re1 52.Rb7 f5 53.Raa7 Rc1 54.Kf2 Rc8 55.Kf3 Re8 56.Rd7 Kf6 57.Rdc7 Bh6
58.Rd7 Nd5 59.Ra6 Nxf4 60.Rh7 Bg5 61.Raa7 Nd5 62.Rhf7+ Ke5 63.Rg7 Bc1 64.Rg1 Rc8
65.Re1+ Kf6 66.Ra2 Rc3+ 67.Kf2 Nf4 68.Rd1 Be3+ 69.Kf1 Bc5 70.Ra4 Kg5 71.Rda1 e5
72.Ke1 Rd3 73.Rb1 Bd4 74.Ra8 Kg4 75.Kf1 e4 76.Rg8+ Kf3 77.Re1 e3 78.Kg1 e2+
79.Kh1 Kf2  0-1

[Event "AUT-chT2O 9798"]
[Site "Austria"]
[Date "1997.02.15"]
[Round "10"]
[White "Tober, Gerhard"]
[Black "Froeschl, Felix"]
[Result "1/2-1/2"]
[WhiteElo "2205"]
[BlackElo "2220"]

1.e4 c5 2.c3 Nf6 3.e5 Nd5 4.d4 e6 5.c4 Nc7 6.Nf3 cxd4 7.Nxd4 d6 8.Bf4 dxe5
9.Bxe5 Nd7 10.Bg3 Bb4+ 11.Nd2 O-O 12.Nc2 Be7 13.Be2 e5 14.O-O f5 15.f3 Ne6
16.Nb3 f4 17.Bf2 Qc7 18.Bd3 a5 19.Qe2 Nec5 20.Rfe1 Ra6 21.Nxc5 Bxc5 22.Rad1 Rh6
23.a3 Qb6 24.b4 Bxf2+ 25.Qxf2 Qxf2+ 26.Kxf2 Rxh2 27.c5 axb4 28.axb4 Rh5 29.Bc4+ Kh8
30.Rd5 Rhf5 31.Bb5 Nf6 32.Rdxe5 Rxe5 33.Rxe5 Rd8 34.Ke2 Kg8 35.Na3 Kf8 36.Nc4 Rd4
37.Kf2 g6 38.Re2 Bf5 39.Rb2 Bd3 40.Na3 Nd5 41.Bxd3 Rxd3 42.Nb5 Nc3 43.Nxc3 Rxc3
44.Ke2 Ke7 45.Ra2 Rb3 46.Ra7 Rxb4 47.c6 Kd6 48.cxb7 Rb2+ 49.Kf1 Kc6 50.b8=Q Rxb8
51.Rxh7 Kd5 52.Re7 Rb6 53.Kg1 Re6 54.Ra7 Ke5 55.Kh2 Kf5 56.Kh3 Re2 57.Ra5+ Kf6
58.Kg4  1/2-1/2

[Event "AUT-chT2O 9798"]
[Site "Austria"]
[Date "1997.02.15"]
[Round "10"]
[White "Raubal, Martin"]
[Black "Bachmayer, Josef"]
[Result "1/2-1/2"]
[WhiteElo "2235"]
[BlackElo "2140"]

1.e4 c5 2.c3 Nf6 3.e5 Nd5 4.d4 cxd4 5.Nf3 d6 6.cxd4 Nc6 7.Bc4 Nb6 8.Bb5 dxe5
9.Nxe5 Bd7 10.Bxc6 Bxc6 11.Nxc6 bxc6 12.O-O e6 13.Nc3 Be7 14.Be3 O-O 15.Rc1 Nd5
16.Nxd5 cxd5 17.Rc6 Qa5 18.a3 Rac8 19.Qc2 Rxc6 20.Qxc6 h6 21.g3 Bf6 22.Rc1 Rb8
23.Rc2 Qb6 24.Qxb6 Rxb6 25.b4 Rb7 26.Rc5 Kf8 27.b5 Ke7 28.a4 Kd7 29.Kf1 Be7
30.Rc6 Bd8 31.Ke2 Bb6 32.Kd3 Rc7 33.Rxc7+ Bxc7 34.Bd2 h5 35.Bb4 Kc8 36.f4 g6
37.Kc3 Kb7 38.Be7 Ba5+ 39.Bb4 Bc7 40.Bc5 h4 41.Kd3 a6 42.Ke3 axb5 43.axb5 hxg3
44.hxg3 f5 45.Kd3 Ba5 46.Ke3  1/2-1/2

[Event "Beersheba 16th"]
[Site "Beersheba"]
[Date "1997.02.24"]
[Round "1"]
[White "Finkel, Alexander"]
[Black "Dvoirys, Semen I"]
[Result "1/2-1/2"]
[WhiteElo "2505"]
[BlackElo "2590"]

1.e4 c5 2.c3 Nf6 3.e5 Nd5 4.g3 Nc6 5.Qe2 g6 6.Bg2 Nc7 7.Nf3 Bg7 8.O-O O-O
9.d4 cxd4 10.cxd4 d6 11.h3 Be6 12.Nc3 Qd7 13.Kh2 Rad8 14.exd6 Qxd6 15.Bf4 Qd7
16.Ne5 Nxe5 17.dxe5 Nd5 18.Nxd5 Bxd5 19.Rfd1 Qe6 20.Bxd5 Rxd5 21.Rxd5 Qxd5
22.Rd1 Qc6 23.Qe3 a6 24.Rc1 Qd7 25.Qe4 Rc8 26.Qd5 Qf5 27.Rc7 Rxc7 28.Qd8+ Bf8
29.Qxc7 Qe4 30.Qd8 Qe2 31.Kg2 Qe4+ 32.Kh2  1/2-1/2

[Event "St Petersburg-ch"]
[Site "St Petersburg"]
[Date "1997.03.08"]
[Round "4"]
[White "Vorotnikov, Vladislav V"]
[Black "Ionov, Sergey"]
[Result "1/2-1/2"]
[WhiteElo "2495"]
[BlackElo "2530"]

1.e4 c5 2.c3 Nf6 3.d3 Nc6 4.f4 g6 5.Nf3 Bg7 6.g3 O-O 7.Bg2 d5 8.e5 Ne8 9.d4 Qb6
10.dxc5 Qxc5 11.Qe2 f6 12.Be3 Qa5 13.exf6 Nxf6 14.Nbd2 Bg4 15.O-O Qc7 16.h3 Bxf3
17.Bxf3 e5 18.fxe5 Nxe5 19.Bg2 Kh8 20.Rae1 Nc6 21.Bc5 Rfe8 22.Qf2 b6 23.Be3 Rf8
24.Bf4 Qd7 25.Qf3 Rad8 26.g4 h5 27.g5 Ng8 28.Qe2 Rde8 29.Qd1 Rxe1 30.Qxe1 Nge7
31.Bh2 Nf5 32.Nf3 Re8 33.Qd2 Ne3 34.Re1 Nxg2 35.Kxg2 Rxe1 36.Qxe1  1/2-1/2

[Event "RUS-Cup6"]
[Site "Krasnodar"]
[Date "1997.03.16"]
[Round "6"]
[White "Daniliuk, Sergey"]
[Black "Sherbakov, Ruslan"]
[Result "1/2-1/2"]
[WhiteElo "2410"]
[BlackElo "2580"]

1.e4 c5 2.c3 Nf6 3.e5 Nd5 4.Nf3 e6 5.Bc4 d6 6.d4 cxd4 7.cxd4 Nb6 8.Bd3 Nc6
9.O-O Nb4 10.Bb5+ Bd7 11.Nc3 Be7 12.Qb3 Bxb5 13.Nxb5 Nc6 14.a4 O-O 15.a5 Nd5
16.exd6 Bxd6 17.Nxd6 Qxd6 18.Qxb7 a6 19.Qb3 Rab8 20.Qc4 Nce7 21.Ra3 Rfc8
22.Qe2 Qc6 23.h3 Nf5 24.Rd1  1/2-1/2

[Event "FRA-chT9697 final"]
[Site "Clichy"]
[Date "1997.05.01"]
[Round "8"]
[White "Guadalpi, Celine"]
[Black "Flear, Christine"]
[Result "1-0"]
[WhiteElo "1910"]
[BlackElo "2250"]

1.e4 c5 2.c3 Nf6 3.e5 Nd5 4.d4 cxd4 5.Nf3 Nc6 6.Bc4 Nb6 7.Bb3 g6 8.cxd4 d5
9.h3 Bg7 10.Nc3 O-O 11.O-O f6 12.Re1 Kh8 13.a3 a6 14.exf6 exf6 15.Bf4 g5
16.Bh2 g4 17.hxg4 Bxg4 18.Qd3 Bxf3 19.gxf3 f5 20.Be5 Bxe5 21.dxe5 Rg8+ 22.Kf1 Qh4
23.Rad1 Rae8 24.e6 Qh3+ 25.Ke2 Qh6 26.Nxd5 Nxd5 27.Bxd5 Nd8 28.Qc3+ Qg7 29.Qxg7+ Rxg7
30.Kf1 Rge7 31.Re5 Kg7 32.Rxf5 Nxe6 33.Re5 Nf4 34.Rxe7+ Rxe7 35.Be4 h6 36.Rd6 Ne6
37.b4 Ng5 38.Bd3 Nxf3 39.Be2 Ng5 40.Rd5 Ne4 41.Bf3 Ng5 42.Bg2 Ne6 43.Rd6 Nf4
44.Bf3 Rc7 45.Ke1 Ng6 46.Rb6 Ne5 47.Bd5 Nc6 48.a4 Nd8 49.a5 Re7+ 50.Kf1 Rc7
51.Kg2 Rd7 52.Be4 Kf8 53.f3 Ke7 54.Rxh6 Nf7 55.Rh7 Kf6 56.Rh5 Nd6 57.Rd5 Rg7+
58.Kf2 Ke6 59.Ke3 Rc7 60.Rd4 b5 61.axb6 Nc4+ 62.Rxc4 Rxc4 63.b5 Rb4 64.bxa6 Rxb6
65.a7  1-0

[Event "FRA-chT9697 final"]
[Site "Clichy"]
[Date "1997.05.02"]
[Round "9"]
[White "Werner, Veronika"]
[Black "Rue, Pascal"]
[Result "1/2-1/2"]
[WhiteElo "2180"]
[BlackElo "2105"]

1.e4 c5 2.c3 Nf6 3.e5 Nd5 4.d4 cxd4 5.Nf3 Nc6 6.Bc4 Nb6 7.Bb3 d5 8.exd6 Qxd6
9.O-O Be6 10.Bxe6 Qxe6 11.Nxd4 Nxd4 12.Qxd4 Rd8 13.Qh4 Qc4 14.Qg3 h5 15.h3 h4
16.Qf3 Qc6 17.Qxc6+ bxc6 18.Nd2 e6 19.Nf3 Be7 20.Ne5 Rc8 21.Be3 Rh5 22.Nf3 c5
23.b3 Bf6 24.Rac1 Nd5 25.c4 Nxe3 26.fxe3 Be7 27.e4 Rd8 28.Rcd1 f6 29.Kf2 g5
30.Ke3 Rh7 31.Rxd8+ Kxd8 32.Nh2 Rf7 33.Ng4 Rf8 34.Nf2 Kc7 35.Rd1 Kc6 36.Nd3 Bd6
37.Rf1 Bg3 38.Ke2 f5 39.Nb2 Bd6 40.Nd1 Kd7 41.Ne3 Bf4 42.exf5 exf5 43.Nd5 Be5
44.Kd3 Ke6 45.Re1 Rf7 46.a3 a5 47.Re2 Rb7 48.Kc2 Kd6 49.Rd2 Bd4 50.b4 axb4
51.axb4 Ra7 52.b5 Ra4 53.Kb3 Ra1 54.b6 Kc6 55.Re2 Rb1+ 56.Ka2 Ra1+ 57.Kb3 g4
58.Re6+ Kd7 59.Re7+ Kc8 60.Re8+ Kb7 61.Re7+ Kb8 62.Re8+ Kb7 63.Re7+ Kb8  1/2-1/2

[Event "ISR-chT"]
[Site "Israel"]
[Date "1997.05.02"]
[Round "10"]
[White "Vydeslaver, Alik"]
[Black "Tsesarsky, Ilya"]
[Result "0-1"]
[WhiteElo "2400"]
[BlackElo "2390"]

1.e4 c5 2.c3 Nf6 3.e5 Nd5 4.d4 cxd4 5.Qxd4 e6 6.Nf3 Nc6 7.Qe4 d6 8.Nbd2 dxe5
9.Nxe5 Nxe5 10.Qxe5 Qc7 11.Bb5+ Bd7 12.Bxd7+ Qxd7 13.Nf3 Qc7 14.Qxc7 Nxc7
15.Ke2 Bd6 16.Rd1 Ke7 17.c4 Na6 18.Be3 Rhc8 19.b3 Bc5 20.Rd3 Nb4 21.Rd2 Bxe3
22.Kxe3 Rd8 23.a3 Rxd2 24.Kxd2 Rd8+ 25.Ke2 Nd3 26.g3 Nc5 27.b4 Ne4 28.Rc1 f5
29.Rc2 Rd6 30.Ne5 Rd4 31.f3 Kf6 32.Ke3 Rd1 33.Nd3 Nd6 34.c5 Nb5 35.c6 bxc6
36.Rxc6 Nxa3 37.Ke2 Rh1 38.Nf4 Rxh2+ 39.Kd3 Rf2 40.Ke3 Ra2 41.Rxe6+ Kf7 42.Kd3 g5
43.Re2 Rxe2 44.Nxe2 h5 45.Nd4 Kf6 46.Ke3 a6 47.f4 Nc4+ 48.Kf3 g4+ 49.Kg2 Ne3+
50.Kf2 Nd5 51.Nc6 h4 52.Kg2 hxg3 53.Kxg3 Kg6 54.Ne5+ Kh6 55.Nc6 Kh5 56.Nd4 Kg6
57.Nc6 Kf6 58.Kh4 Nxf4 59.Nb8 Ng6+ 60.Kg3 Kg5 61.Nxa6 f4+ 62.Kg2 Kh4 63.Nc5 f3+
64.Kf2 Ne5 65.b5 g3+ 66.Ke3 g2 67.Kf2 Ng4+ 68.Kg1 Kh3 69.Ne4 f2+  0-1

[Event "FRA-chT9697 final"]
[Site "Clichy"]
[Date "1997.05.04"]
[Round "11"]
[White "Werner, Veronika"]
[Black "Huguet, Bernard"]
[Result "1-0"]
[WhiteElo "2180"]
[BlackElo "2180"]

1.e4 c5 2.c3 Nf6 3.e5 Nd5 4.d4 cxd4 5.Nf3 d6 6.Bc4 Nb6 7.Bb3 Nc6 8.exd6 Qxd6
9.O-O e6 10.cxd4 Be7 11.Nc3 O-O 12.a3 Nd5 13.Qd3 Nxc3 14.bxc3 Bf6 15.Re1 b6
16.Bc2 g6 17.Ng5 Bg7 18.Qh3 h5 19.a4 e5 20.Qg3 Qf6 21.Ba3 Rd8 22.Bb3 Rd7
23.f4 Na5 24.fxe5 Qd8 25.Ba2 Rc7 26.Nxf7 Rxf7 27.Qxg6 Qc7 28.Rf1 Nc4 29.Rxf7  1-0

[Event "Aruna"]
[Site "Copenhagen"]
[Date "1997.05.11"]
[Round "9"]
[White "Keitlinghaus, Ludger"]
[Black "Hillarp Persson, Tiger"]
[Result "1/2-1/2"]
[WhiteElo "2515"]
[BlackElo "2475"]

1.e4 c5 2.c3 Nf6 3.e5 Nd5 4.Nf3 e6 5.Bc4 Nb6 6.Bb3 d6 7.exd6 Qxd6 8.d4 cxd4
9.cxd4 N8d7 10.Nc3 Nf6 11.O-O Be7 12.Bg5 Bd7 13.Qe2 Bc6 14.Ne5 O-O 15.Rad1 Nbd5
16.Rfe1 Rfd8 17.Nxc6 bxc6 18.Na4 Rdb8  1/2-1/2

[Event "RUS-ch m1-2"]
[Site "Elista"]
[Date "1997.05.19"]
[Round "1.1"]
[White "Smagin, Sergey"]
[Black "Vaulin, Alexander"]
[Result "1/2-1/2"]
[WhiteElo "2575"]
[BlackElo "2490"]

1.e4 c5 2.c3 Nf6 3.e5 Nd5 4.d4 cxd4 5.Nf3 e6 6.Qxd4 Nc6 7.Qe4 d6 8.Nbd2 dxe5
9.Nxe5 Nf6 10.Qa4 Qc7 11.Ndf3 Bd6 12.Nxc6 Bd7 13.Bg5 Qxc6 14.Qxc6 Bxc6 15.Nd4 Nd5
16.Nxc6 bxc6 17.Rd1 Rb8 18.c4 Bb4+ 19.Ke2 Be7 20.Bd2 Nf6 21.b3 Ne4 22.Be1 Bb4
23.Bxb4 Rxb4 24.Ke3 Nc5 25.Kd4 Nd7 26.Kc3 a5 27.Bd3 Ke7 28.Bc2 Nf6 29.Rhe1 c5
30.g3 Rb6 31.g4 Rd6 32.h4 Rxd1 33.Bxd1 Rd8 34.a3 g6 35.Bc2 Rd4 36.g5 Nd7
37.Be4 Nb6 38.h5 gxh5 39.Rh1 a4 40.Rxh5 axb3 41.Rxh7 Kf8 42.Kxb3 Nxc4 43.Rh8+ Kg7
44.Rc8 Nd2+  1/2-1/2

[Event "RUS-ch m3-4"]
[Site "Elista"]
[Date "1997.05.21"]
[Round "1.3"]
[White "Smagin, Sergey"]
[Black "Vaulin, Alexander"]
[Result "0-1"]
[WhiteElo "2575"]
[BlackElo "2490"]

1.e4 c5 2.c3 Nf6 3.e5 Nd5 4.d4 cxd4 5.Nf3 e6 6.cxd4 d6 7.Bc4 Nb6 8.Bd3 Nc6
9.Bg5 Be7 10.Bxe7 Qxe7 11.Nc3 dxe5 12.dxe5 O-O 13.O-O Nd7 14.Re1 Nc5 15.Bb1 Rd8
16.Qc2 g6 17.a3 a5 18.Ba2 Bd7 19.h4 Be8 20.Rad1 Rxd1 21.Rxd1 Rd8 22.Rxd8 Qxd8
23.Nd5 Nd7 24.Ne3 Ndxe5 25.Nxe5 Nxe5 26.Qc3 Nc6 27.h5 Nd4 28.Bc4 gxh5 29.Bf1 Bc6
30.Qc5 f5 31.Qe5 Kf7 32.Bc4 Qf6 33.Qc7+ Kg6 34.Qf4 b5 35.Bd3 Be4 36.Qg3+ Qg5
37.Qxg5+ Kxg5 38.Bxe4 fxe4 39.Kf1 h4 40.a4 bxa4 41.Nc4 Nb3 42.Nb6 Kf4 43.Nxa4 e3
44.Ke2 Nc1+ 45.Kf1 Nd3 46.fxe3+ Kxe3 47.b3 Kd4 48.Nb6 Nc5 49.Ke1  0-1

[Event "Vier Laenderkampf"]
[Site "Schoeneck"]
[Date "1997.06.??"]
[Round "2"]
[White "Michalczak, Thomas"]
[Black "Stabolewski, Andreas"]
[Result "1-0"]
[WhiteElo "2250"]
[BlackElo "2265"]

1.e4 c5 2.c3 Nf6 3.e5 Nd5 4.d4 cxd4 5.Nf3 Nc6 6.Bc4 Nb6 7.Bb3 g6 8.cxd4 d5
9.h3 Bg7 10.O-O O-O 11.Nc3 Bf5 12.Bg5 Na5 13.Bc2 Bxc2 14.Qxc2 Rc8 15.b3 f6
16.exf6 exf6 17.Bf4 Re8 18.Qd3 Bf8 19.Rfe1 Rxe1+ 20.Rxe1 Bb4 21.Bd2 Nc6 22.Ne2 Bd6
23.Nf4 Bxf4 24.Bxf4 Qd7 25.Qb5 Kf7 26.a4 Nd8 27.Qd3 Ne6 28.Bd2 Qd6 29.a5 Nd7
30.Qb5 Qc6 31.Qb4 Nb8 32.Rc1 Qd7 33.Rxc8 Qxc8 34.Qd6 Qd8 35.Qg3 Nc6 36.Qh4 h5
37.a6 bxa6 38.Be3 Qa5 39.g4 Qa1+ 40.Kg2 Qb1 41.gxh5 g5 42.Qg4 Qe4 43.Qxe4 dxe4
44.d5 exf3+ 45.Kg3 Ne5 46.dxe6+ Kxe6 47.Bd4 Nf7 48.Kxf3 Kf5 49.Bxa7 Ne5+
50.Kg3 Nc6 51.Bc5 Na5 52.b4 Nc6 53.Kf3 Ne5+ 54.Ke3 g4 55.hxg4+ Nxg4+ 56.Kd3 Kg5
57.Ke4 Kxh5 58.Kd5 Ne5 59.Kd6 Kg4 60.Kc7 Nc4 61.Bb6 Kf3 62.Kb7 Nxb6 63.Kxb6 Kxf2
64.Kxa6 f5 65.b5 f4 66.b6 f3 67.b7 Kg2 68.b8=Q f2  1-0

[Event "Politiken Cup"]
[Site "Copenhagen"]
[Date "1997.07.12"]
[Round "7"]
[White "Ochsner, Thomas"]
[Black "Adamski, Jan"]
[Result "1/2-1/2"]
[WhiteElo "2305"]
[BlackElo "2390"]

1.e4 c5 2.c3 Nf6 3.e5 Nd5 4.Nf3 e6 5.d4 cxd4 6.cxd4 b6 7.Bd3 Be7 8.O-O Ba6
9.Nc3 Nxc3 10.bxc3 Bxd3 11.Qxd3 Nc6 12.d5 exd5 13.Qxd5 O-O 14.Rd1 Qc7 15.Bf4 Rad8
16.Rd3 Na5 17.Nd4 Bc5 18.Nb5 Qc6 19.Nxa7 Qa4 20.Be3 Bxe3 21.Rxe3 Ra8 22.Nb5 Qc4
23.Rd1 Qxd5 24.Rxd5 Nb3 25.Rxd7 Rxa2 26.h4 Nc5 27.Rc7 Rb2 28.c4 h5 29.Nd6 Ne6
30.Re7 Nd4 31.Re4 Rd2 32.Rb7 Ne6 33.Rxb6 Ra8 34.Rb1 Raa2 35.Rf1 Rac2 36.Re3 Nf4
37.Rf3 Ng6 38.Nxf7 Nxh4 39.Rf4 Ng6 40.Rf5 Nh4 41.Rxh5 Nf3+ 42.gxf3 Kxf7 43.c5 Kg6
44.Rh4 Kf5 45.Re1 Ke6 46.Rg4 Rxc5 47.f4 Rcc2 48.Rg6+ Kf5 49.Rxg7 Rxf2 50.e6 Rfe2
51.Rxe2 Rxe2 52.e7 Kf6 53.Rh7 Rxe7 54.Rxe7 Kxe7 55.Kf2  1/2-1/2

[Event "Wch U20"]
[Site "Zagan"]
[Date "1997.07.15"]
[Round "2"]
[White "Savic, Miodrag R"]
[Black "Dao Thien Hai"]
[Result "0-1"]
[WhiteElo "2430"]
[BlackElo "2525"]

1.e4 c5 2.c3 Nf6 3.e5 Nd5 4.d4 cxd4 5.Nf3 Nc6 6.Bc4 Nb6 7.Bb3 g6 8.cxd4 Bg7
9.O-O O-O 10.Nc3 d6 11.Qe2 Bg4 12.Rd1 dxe5 13.dxe5 Qc8 14.h3 Bxf3 15.Qxf3 Nxe5
16.Qe2 Nc6 17.Be3 Qc7 18.Bxb6 axb6 19.Nd5 Qd6 20.Nxb6 Nd4 21.Rxd4 Bxd4 22.Nxa8 Rxa8
23.Rd1 e5 24.Rc1 Kg7 25.Qf3 Qe7 26.Bd5 Ra6 27.Rc2 Rd6 28.Qb3 Bb6 29.a4 Qd7
30.Rd2 f5 31.Rd1 Bd4 32.Bf3 Qe7 33.Bd5 Rb6 34.Qa3 Qxa3 35.bxa3 Rb2 36.Rf1 b6
37.g4 Kf6 38.gxf5 gxf5 39.Kg2 e4 40.Kg3 Ke5 41.Bg8 f4+ 42.Kg2 h6 43.Bc4 Kf5
44.Bd5 h5 45.Bc6 f3+ 46.Kg1 Kf4 47.a5 bxa5 48.a4 Rc2 49.Ba8 Rc8 50.Bd5 Rc5
51.Bb7 Rg5+ 52.Kh1 Rg2 53.Re1 Bxf2  0-1